000 00939nam a22002057a 4500
999 _c36248
_d36248
003 OSt
005 20251218220706.0
008 150407b slv spa
040 _cBMC
082 _a741.6
100 1 _aRodríguez Deras, Diego Enrique
_949860
245 1 0 _aPasantía en Comisión Nacional de la Micro y Pequeña Empresa, CONAMYPE, Santa Ana
_b: informe final
_cDiego Enrique Rodríguez Deras
260 _aSanta Ana (El Salvador)
_bUniversidad Católica de El Salvador
_c2025
300 _a1 folleto (42 h.)
_bil. col
_c28 cm
_e+ 1 disco compacto
500 _aPrecede al tít.: Universidad Católica de El Salvador, Facultad de Ciencias y Humanidades
502 _aTrabajo de graduación para optar al grado académico de Licenciatura en Diseño Gráfico Publicitario
650 2 0 _aDiseño gráfico
_98943
710 2 _91075
_aUniversidad Católica de El Salvador
_bFacultad de Ciencias y Humanidades
942 _2ddc
_cTG